00925nam a2200265 a 4500001001300000003000900013005001700022008004100039020001000080082001700090100002100107245006000128260005300188300000800241500003500249505001000284650002200294700002100316902000800337942000700345952009800352952009800450952009800548999001300646nice12345678IN_TiNIC20260116011326.0050524s1929 bela grd 000 0 eng  ac10000a492.731bDIO aDiocesan Press,  aDictionary of Arabic Proper Names and Theological Terms aBelmont, USAbDickenson Publishing Companyc1929 a20p aincludes index and biblioraphy2 aIndex aDictionary-Arabic1 aDiocesan Press,  bSRS cBK 00104070aHMIbHMId2019-06-28g100.00l0o492.731 DIOp03011r0000-00-00w2026-01-16yARB 00104070aHMIbHMId2019-06-28g100.00l0o492.731 DIOp03012r0000-00-00w2026-01-16yARB 00104070aHMIbHMId2016-08-19g100.00l0o492.731 DIOp04888r0000-00-00w2026-01-16yARB c529d529